| 000 | 00598nam a22002177a 4500 | ||
|---|---|---|---|
| 005 | 20230420094618.0 | ||
| 008 | 230420b ||||| |||| 00| 0 eng d | ||
| 020 | _a9789393954374 | ||
| 040 | _cAL | ||
| 041 | _aEnglish | ||
| 082 |
_223 _a658 _bBHIM |
||
| 100 |
_aBhimasha KB _990757 |
||
| 245 | _aManagement Principles And Applications | ||
| 260 |
_aKalaburagi _bSS Bhavikatti Prakashana _c2022 |
||
| 300 |
_avi,180 p. _bPB _c21.5x14 cm. |
||
| 365 |
_b₹150.00 _c₹ _d₹150.00 |
||
| 650 |
_aI SEM Bcom _990738 |
||
| 650 |
_aNEP _990739 |
||
| 700 |
_aBHIMASHA (KB) _990740 |
||
| 942 |
_2ddc _cDB |
||
| 999 |
_c227217 _d227217 |
||